Convolutional coding and viterbi decoding (Record no. 188815)

000 -LEADER
fixed length control field 00662 a2200181 4500
003 - CONTROL NUMBER IDENTIFIER
control field Nust
005 - DATE AND TIME OF LATEST TRANSACTION
control field 20170207153550.0
040 ## - CATALOGING SOURCE
Transcribing agency Nust
082 ## - DEWEY DECIMAL CLASSIFICATION NUMBER
Classification number 621.382
100 ## - MAIN ENTRY--PERSONAL NAME
Personal name Liaquat, Sadaquat (MSEE-4)
245 ## - TITLE STATEMENT
Title Convolutional coding and viterbi decoding
Statement of responsibility, etc. Sadaquat Liaquat
260 ## - PUBLICATION, DISTRIBUTION, ETC.
Name of publisher, distributor, etc. MCS
Date of publication, distribution, etc. January 2000
Place of publication, distribution, etc. Rwp
300 ## - PHYSICAL DESCRIPTION
Extent x, 121 p.
505 ## - FORMATTED CONTENTS NOTE
Formatted contents note Digital communication fundamental/background (page-1), Convolutional coding and viterbi decoding (page-20), Description of viterbi algorithm for simulation (page-30), Simulation (page-52), High speed viterbi decoder (page-85).
538 ## - SYSTEM DETAILS NOTE
System details note Almirah no.69 shelf no.2
650 ## - SUBJECT ADDED ENTRY--TOPICAL TERM
Topical term or geographic name entry element MSEE Thesis
651 ## - SUBJECT ADDED ENTRY--GEOGRAPHIC NAME
Geographic name MSEE-4
942 ## - ADDED ENTRY ELEMENTS (KOHA)
Koha item type
Holdings
Withdrawn status Lost status Source of classification or shelving scheme Damaged status Not for loan Collection code Permanent Location Current Location Date acquired Total Checkouts Full call number Barcode Date last seen Price effective from Koha item type
            Military College of Signals (MCS) Military College of Signals (MCS) 12/12/2016   621.382 LIA MCSTEE-146 12/08/2016 12/12/2016 Book
© 2023 Central Library, National University of Sciences and Technology. All Rights Reserved.